Logo équipes nationales de football - Statistiques

Statistiques générales
  • Ce quiz a été pris 215 fois
  • Le résultat moyen est 13 sur 16
Statistiques - réponses
Par images Réponse % Correct
Brésil
99%
Espagne
99%
France
97%
Portugal
97%
Argentine
95%
Tunisie
93%
Croatie
92%
Japon
91%
Algérie
90%
Colombie
87%
Cameroun
84%
Nouvelle Zélande
82%
Mexique
81%
Costa Rica
54%
Serbie
42%
Géorgie
21%
Aucun quiz correspondant
Distribution des résultats
% des personnes avec chaque résultat
Percentile par nombre de réponses
Votre historique - résultats
Vous n’avez pas pris ce quiz